000 00417nam a22001697a 4500
005 20180801144534.0
008 160513b xxu||||| |||| 00| 0 eng d
020 _a0-07-066287-8
041 _aeng
082 _b2141
_a658.3
100 _aFLIPO, EDWIN. B.
_94673
245 _aPersonnal Management
260 _aNew Delhi
_bTata McGraw Hill Ltd.
_c1976
300 _a588P,
650 _aManagement
_9241
942 _cBK
999 _c784
_d784